Operation research (Record no. 268647)
[ view plain ]
| 000 -LEADER | |
|---|---|
| fixed length control field | 00332 a2200133 4500 |
| 001 - CONTROL NUMBER | |
| control field | 33574 |
| 020 ## - INTERNATIONAL STANDARD BOOK NUMBER | |
| International Standard Book Number | 812390939x |
| 082 ## - DEWEY DECIMAL CLASSIFICATION NUMBER | |
| Classification number | 658.4034 HIL |
| 090 ## - LOCALLY ASSIGNED LC-TYPE CALL NUMBER (OCLC); LOCAL CALL NUMBER (RLIN) | |
| -- | 22346 |
| -- | 22346 |
| 100 ## - MAIN ENTRY--PERSONAL NAME | |
| Personal name | Hillier,F.S |
| 245 ## - TITLE STATEMENT | |
| Title | Operation research |
| Statement of responsibility, etc. | Hillier F S |
| 260 ## - PUBLICATION, DISTRIBUTION, ETC. | |
| Place of publication, distribution, etc. | New Delhi |
| Name of publisher, distributor, etc. | CBS Publishers & Distributors |
| Date of publication, distribution, etc. | 2000 |
| 300 ## - PHYSICAL DESCRIPTION | |
| Extent | xi 800 p |
| 942 ## - ADDED ENTRY ELEMENTS (KOHA) | |
| Institution code [OBSOLETE] | NUST-CAE |
| Call number prefix | 658.4034 HIL |
| Withdrawn status | Lost status | Damaged status | Not for loan | Collection code | Permanent Location | Current Location | Date acquired | Total Checkouts | Full call number | Barcode | Date last seen | Price effective from | Koha item type |
|---|---|---|---|---|---|---|---|---|---|---|---|---|---|
| College of Aeronautical Engineering (CAE) | College of Aeronautical Engineering (CAE) | 04/03/2017 | 658.4034 HIL | CAE75772 | 04/05/2017 | 04/05/2017 | Book |
